Atlanta Hawks 2018-19 Roster - Statistics

General Stats
  • This quiz has been taken 147 times
  • The average score is 8 of 18
Answer Stats
Nbr Post Player % Correct
11 PG Trae Young
98%
20 PF John Collins
86%
24 SG Kent Bazemore
71%
25 C Alex Len
61%
3 SG Kevin Huerter
60%
14 C Dewayne Dedmon
58%
95 SF DeAndre' Bembry
54%
12 SF Taurean Prince
52%
15 SG Vince Carter
52%
- Head Coach Lloyd Pierce
41%
7 PG Jeremy Lin
38%
1 SG Justin Anderson
29%
6 PF Omari Spellman
29%
18 C Miles Plumlee
28%
10 PG Jaylen Adams
26%
2 SG Tyler Dorsey
24%
22 SF Alex Poythress
15%
5 SG Daniel Hamilton
13%
No matching quizzes found
Score Distribution
Percent of People with Each Score
Percentile by Number Answered
Your Score History
You have not taken this quiz